| 000 | 00365nam a2200145Ia 4500 | ||
|---|---|---|---|
| 020 | _a0632018852 | ||
| 082 | _a006.4 JAM | ||
| 100 |
_aJames, Mike _9366 |
||
| 245 | _aPattern recognition | ||
| 260 |
_aLondon: _bBSP Professional Books _c1987 |
||
| 300 | _ax, 144p.: ill.; 23cm | ||
| 500 | _aIncludes index | ||
| 650 |
_aComputer pattern reconition _9367 |
||
| 942 | _cBK | ||
| 999 |
_c5699 _d5699 |
||